000 00356 a2200109 4500
001 ART_12682
005 20260410161908.0
008 260409a
245 1 0 _aThe Effect of unemployment and related on the duration of unemployment
100 1 _aNickell, S. J.
773 0 _tThe Economic Journal
_g- Vol. 89, NÂș 353 (mar. 1979)
_wREV12512
999 _c26575
_d26575